[Event "II Open I Like Elo"]
[Site "Roma ITA"]
[Date "2009.02.25"]
[Round "7"]
[White "Simeone, Giulio"]
[Black "Pastore, Cosmas"]
[Result "1-0"]
[WhiteElo "1983"]
[BlackElo "1806"]
[PlyCount "63"]
[EventDate "2009.01.14"]

1. c4 c6 2. e4 e6 3. Nc3 Be7 4. Qf3 e5 5. Qg3 Bf6 6. Be2 d6 7. Nf3 Ne7 8. O-O
Ng6 9. d3 O-O 10. Be3 Be6 11. d4 exd4 12. Nxd4 Bc8 13. Rad1 Bh4 14. Qf3 Ne5 15.
Qh5 g6 16. Qh6 Bf6 17. Bc1 Bg7 18. Qe3 Qe7 19. f4 Ng4 20. Qg3 Nf6 21. e5 dxe5
22. fxe5 Nfd7 23. e6 Bxd4+ 24. Rxd4 Qxe6 25. Re4 Ne5 26. Rxe5 Qd6 27. Ne4 Qd4+
28. Be3 Qxb2 29. Nf6+ Kg7 30. Qh4 h5 31. Bd4 Qd2 32. Nxh5+ 1-0

[Event "C.to Sociale"]
[Site "Savigliano ITA"]
[Date "2009.01.??"]
[Round "4"]
[White "Longo, Luigi"]
[Black "Sotgia, Cosimo"]
[Result "0-1"]
[WhiteElo "1897"]
[BlackElo "1898"]
[PlyCount "108"]
[EventDate "2009.01.15"]

1. e4 e6 2. d4 d5 3. Nc3 Nf6 4. Bg5 Be7 5. e5 Nfd7 6. Bxe7 Qxe7 7. f4 a6 8. Nf3
c5 9. Qd2 Nc6 10. dxc5 Nxc5 11. O-O-O b5 12. a3 b4 13. Nxd5 exd5 14. Qxd5 Bb7
15. axb4 Nxb4 16. Qd6 Rd8 17. Qxd8+ Qxd8 18. Rxd8+ Kxd8 19. Be2 Ke7 20. Rd1 Rd8
21. Nd4 Be4 22. Bc4 Ne6 23. Bxe6 fxe6 24. g3 Nc6 25. c3 g6 26. Rd2 Nxd4 27.
cxd4 Rc8+ 28. Kd1 Rb8 29. Kc1 Rc8+ 30. Kd1 Rc4 31. b3 Rb4 32. Ra2 Bd3 33. Rb2
Rxd4 34. Kd2 Bb5+ 35. Kc3 Rd5 36. Kb4 Kd7 37. Rc2 Bd3 38. Rc3 Rb5+ 39. Ka4 Be4
40. Rc4 Bd5 41. Rc3 Bc6 42. Ka3 Rd5 43. Rc2 Kc7 44. Kb2 Kb6 45. Ka3 Rc5 46. Rd2
Bd5 47. Kb2 Kb5 48. Rd4 a5 49. g4 Kc6 50. h4 Rb5 51. Rd3 Rxb3+ 52. Rxb3 Bxb3
53. Kxb3 h5 54. f5 exf5 0-1

[Event "XXV C.to Torinese Open"]
[Site "Torino ITA"]
[Date "2009.01.??"]
[Round "2"]
[White "Giacometto, Mario"]
[Black "Pulito, Alberto"]
[Result "0-1"]
[WhiteElo "1964"]
[BlackElo "2251"]
[PlyCount "68"]
[EventDate "2009.01.19"]

1. e4 e6 2. d4 d5 3. e5 c5 4. c3 Nc6 5. Nf3 Qb6 6. a3 Nh6 7. b4 cxd4 8. cxd4
Nf5 9. Be3 f6 10. Bd3 Nxe3 11. fxe3 fxe5 12. b5 Nxd4 13. exd4 e4 14. Bxe4 dxe4
15. Ne5 g6 16. O-O Bg7 17. Kh1 Bxe5 18. dxe5 Qxb5 19. Nc3 Qxe5 20. Qb3 b6 21.
Rad1 Bb7 22. Qa4+ b5 23. Qb3 Bc6 24. a4 a6 25. axb5 axb5 26. Ne2 Rf8 27. Rxf8+
Kxf8 28. Nd4 Bd5 29. Qxb5 Kg8 30. Qf1 e3 31. Qe2 Ra2 32. Qb5 Bxg2+ 33. Kg1 Qxb5
34. Nxb5 Bd5 0-1

[Event "XXV C.to Torinese Open"]
[Site "Torino ITA"]
[Date "2009.01.??"]
[Round "3"]
[White "Gallucci, Alessio"]
[Black "Giacomasso, Enrico"]
[Result "1-0"]
[WhiteElo "2205"]
[BlackElo "2039"]
[PlyCount "53"]
[EventDate "2009.01.19"]

1. e4 c5 2. Nf3 d6 3. d4 cxd4 4. Nxd4 Nf6 5. Nc3 Nc6 6. Bg5 Bd7 7. Qd2 a6 8. f4
Qc7 9. O-O-O b5 10. Be2 e6 11. Bf3 Rc8 12. Nxc6 Bxc6 13. Rhe1 Be7 14. e5 dxe5
15. fxe5 Bxf3 16. exf6 Rd8 17. fxg7 Rg8 18. Qxd8+ Bxd8 19. Rxd8+ Qxd8 20. Bxd8
Kxd8 21. gxf3 Rxg7 22. Kd2 Rg2+ 23. Re2 Rg1 24. a4 b4 25. Ne4 h5 26. Nc5 Rf1
27. Ke3 1-0

[Event "XXV C.to Torinese Open"]
[Site "Torino ITA"]
[Date "2009.02.02"]
[Round "3"]
[White "Pulito, Alberto"]
[Black "Faraoni, Enrico"]
[Result "1-0"]
[WhiteElo "2251"]
[BlackElo "2085"]
[PlyCount "35"]
[EventDate "2009.01.19"]

1. e4 g5 2. d4 h6 3. Nc3 Bg7 4. Bc4 c5 5. Nge2 Qa5 6. dxc5 Qxc5 7. Bb3 Nc6 8.
Be3 Qa5 9. O-O Nf6 10. Ng3 d6 11. Nh5 Nxh5 12. Qxh5 Ne5 13. h3 g4 14. Bxf7+ Kf8
15. f4 gxf3 16. Bb3 Bd7 17. Kh1 Be8 18. Rxf3+ 1-0

[Event "XXV C.to Torinese Open"]
[Site "Torino ITA"]
[Date "2009.01.??"]
[Round "3"]
[White "Sorcinelli, Francesco"]
[Black "Ragni, Paolo"]
[Result "1-0"]
[WhiteElo "2116"]
[BlackElo "2169"]
[PlyCount "71"]
[EventDate "2009.01.19"]

1. e4 e5 2. f4 exf4 3. Bc4 Nf6 4. Nc3 c6 5. Bb3 d5 6. exd5 cxd5 7. d4 Bd6 8.
Nge2 O-O 9. O-O g5 10. h4 h6 11. hxg5 hxg5 12. g3 Nc6 13. gxf4 g4 14. f5 Kg7
15. Bg5 Rh8 16. Nf4 Bxf5 17. Qd2 Ne4 18. Nxe4 Bxe4 19. Qe3 Rh1+ 20. Kf2 Rh2+
21. Ke1 Qa5+ 22. c3 Rxb2 23. Bf6+ Kf8 24. Bg7+ Kxg7 25. Nh5+ Kf8 26. Qh6+ Ke8
27. Nf6+ Kd8 28. Nxe4 Be7 29. Rc1 dxe4 30. Rxf7 Nxd4 31. Qh8+ Kd7 32. Qxd4+ Ke8
33. Rxe7+ Kxe7 34. Qg7+ Kd6 35. Rd1+ Kc6 36. Qd7+ 1-0

[Event "XXV C.to Torinese Open"]
[Site "Torino ITA"]
[Date "2009.01.??"]
[Round "4"]
[White "Bovero, Ezio"]
[Black "Reggio, Davide"]
[Result "0-1"]
[WhiteElo "1425"]
[BlackElo "1497"]
[PlyCount "120"]
[EventDate "2009.01.19"]

1. Nf3 d6 2. d4 Nf6 3. c4 g6 4. Nc3 Bg7 5. e4 O-O 6. h3 Nbd7 7. Be2 Re8 8. Be3
e5 9. d5 Qe7 10. O-O c6 11. Rc1 cxd5 12. cxd5 b6 13. b4 Bb7 14. Qd2 Rac8 15.
Nb5 Nxe4 16. Qd3 f5 17. Nxa7 Rxc1 18. Rxc1 Ra8 19. Nc6 Qf7 20. Qb5 Rxa2 21. Bc4
Ba6 22. Qxa6 Rxa6 23. Bxa6 Nef6 24. Ng5 Qe8 25. Ne6 Nxd5 26. Ncd8 Bf6 27. Bg5
Bxg5 28. Nxg5 Qxd8 29. Rc8 Qxc8 30. Bxc8 N7f6 31. Be6+ Kg7 32. Nf7 Nxb4 33.
Nxd6 Nc2 34. f3 Kf8 35. Nc4 Ke7 36. Bc8 Nd7 37. Bxd7 Kxd7 38. Nxe5+ Ke6 39. Nc4
b5 40. Nb2 Ke5 41. Kf2 Kd4 42. Ke2 b4 43. Kd2 b3 44. g3 Ne3 45. g4 Nc4+ 46. Kc1
Nxb2 47. Kxb2 fxg4 48. fxg4 Kc4 49. h4 Kb4 50. h5 g5 51. h6 Kc4 52. Kb1 Kd3 53.
Kb2 Ke4 54. Kxb3 Kf4 55. Kc3 Kxg4 56. Kd2 Kh5 57. Ke3 Kxh6 58. Kf3 Kg6 59. Kg4
h5+ 60. Kg3 Kf5 0-1

[Event "XXV C.to Torinese Open"]
[Site "Torino ITA"]
[Date "2009.02.27"]
[Round "5"]
[White "Bertagia, Roldano"]
[Black "Faraoni, Enrico"]
[Result "0-1"]
[WhiteElo "2004"]
[BlackElo "2085"]
[PlyCount "62"]
[EventDate "2009.01.19"]

1. e4 g5 2. Bc4 e6 3. Nc3 Nc6 4. d4 Bg7 5. Nge2 b6 6. Be3 Bb7 7. Qd2 h6 8.
O-O-O a6 9. d5 Ne5 10. Bb3 Ne7 11. f4 gxf4 12. Nxf4 N7g6 13. Rhf1 Nxf4 14. Rxf4
Qe7 15. Rdf1 O-O-O 16. Bd4 Rdf8 17. Kb1 h5 18. Qf2 Ng4 19. Bxg7 Nxf2 20. R1xf2
Rhg8 21. Bxf8 Rxf8 22. a3 b5 23. Rf6 exd5 24. exd5 d6 25. R6f5 Kb8 26. Ka2 h4
27. Ne2 a5 28. c3 Qe3 29. Kb1 h3 30. g3 a4 31. Bc2 Bxd5 0-1

[Event "XXV C.to Torinese Open"]
[Site "Torino ITA"]
[Date "2009.01.??"]
[Round "5"]
[White "Gallucci, Alessio"]
[Black "Barletta, Mauro"]
[Result "1/2-1/2"]
[WhiteElo "2205"]
[BlackElo "2234"]
[PlyCount "200"]
[EventDate "2009.01.19"]

1. e4 c6 2. d4 d5 3. Nc3 dxe4 4. Nxe4 Bf5 5. Ng3 Bg6 6. Bc4 e6 7. N1e2 Bd6 8.
h4 h6 9. Nf4 Bxf4 10. Bxf4 Nf6 11. Ne2 Nbd7 12. Bd3 Bxd3 13. Qxd3 Qa5+ 14. Bd2
Qd5 15. f3 Nb6 16. b3 O-O-O 17. O-O-O c5 18. Qc3 c4 19. Qa5 Kb8 20. Qa3 Rc8 21.
Nc3 Qc6 22. Kb2 Nfd5 23. Nxd5 Nxd5 24. c3 Rhd8 25. Rc1 Qb5 26. Rc2 Rc6 27. Rb1
cxb3 28. axb3 Ra6 29. c4 Qd7 30. Qc5 Rc8 31. cxd5 Rxc5 32. Bf4+ Ka8 33. Rxc5
exd5 34. Rc7 Qe8 35. Re1 Re6 36. Rxe6 Qxe6 37. Be5 a6 38. Bxg7 Qg6 39. Bf8
Qxg2+ 40. Ka3 Qg6 41. Rd7 Qe6 42. Rd8+ Ka7 43. Bc5+ b6 44. Rd6 bxc5 45. Rxe6
fxe6 46. dxc5 e5 47. b4 h5 48. Kb3 Kb7 49. Kc3 Kc6 50. f4 exf4 51. Kd4 Kb5 52.
Kxd5 f3 53. c6 f2 54. c7 f1=Q 55. c8=Q Qd3+ 56. Ke5 Kxb4 57. Qf8+ Ka4 58. Qf4+
Kb3 59. Qf7+ Qc4 60. Qa7 Qb5+ 61. Kf6 a5 62. Qf7+ Kb2 63. Kg6 a4 64. Qf2+ Kc3
65. Qe1+ Kc2 66. Qf2+ Kd1 67. Qf3+ Qe2 68. Qa3 Qg4+ 69. Kh6 Qxh4 70. Qa1+ Ke2
71. Qa2+ Kf1 72. Qa1+ Kg2 73. Qa2+ Kf1 74. Qa1+ Kg2 75. Qa2+ Kh3 76. Qa3+ Qg3
77. Qxa4 h4 78. Qd7+ Qg4 79. Qd3+ Kg2 80. Qd2+ Kf1 81. Qd3+ Kf2 82. Qd2+ Kg3
83. Qe1+ Kf4 84. Qf2+ Ke5 85. Qc5+ Kf6 86. Qc3+ Kf7 87. Qc7+ Ke8 88. Qe5+ Kd7
89. Qd5+ Ke7 90. Qc5+ Kf6 91. Qf8+ Ke5 92. Qc5+ Kf4 93. Qf2+ Ke4 94. Qc2+ Kf3
95. Qd1+ Kf4 96. Qd4+ Kg3 97. Qg1+ Kf3 98. Qd1+ Kg3 99. Qg1+ Kf4 100. Qd4+ Kg3
1/2-1/2

[Event "XXV C.to Torinese Open"]
[Site "Torino ITA"]
[Date "2009.01.??"]
[Round "5"]
[White "Nardelli, Marco"]
[Black "Manino, Edoardo"]
[Result "1-0"]
[WhiteElo "2147"]
[BlackElo "1653"]
[PlyCount "61"]
[EventDate "2009.01.19"]

1. e4 e6 2. d4 d5 3. Nc3 Bb4 4. e5 c5 5. a3 Bxc3+ 6. bxc3 Ne7 7. Qg4 Qc7 8.
Qxg7 Rg8 9. Qxh7 cxd4 10. Ne2 Nbc6 11. f4 Bd7 12. Qd3 dxc3 13. Rg1 O-O-O 14.
Rb1 d4 15. Nxd4 Nxd4 16. Qxd4 Nf5 17. Qxa7 Bc6 18. Be3 Nxe3 19. Qxe3 Ba4 20.
Bd3 Rxd3 21. cxd3 c2 22. Rc1 Qc3+ 23. Qd2 Qb2 24. Ke2 Rd8 25. Rxc2+ Bxc2 26.
Rc1 Kb8 27. Qxc2 Qxa3 28. Qc7+ Ka7 29. Qc5+ Qxc5 30. Rxc5 Kb6 31. Rc1 1-0

[Event "XXV C.to Torinese Open"]
[Site "Torino ITA"]
[Date "2009.01.??"]
[Round "5"]
[White "Pulito, Alberto"]
[Black "Sorcinelli, Francesco"]
[Result "0-1"]
[WhiteElo "2251"]
[BlackElo "2116"]
[PlyCount "78"]
[EventDate "2009.01.19"]

1. e4 e5 2. d4 Nc6 3. dxe5 Nxe5 4. Nf3 Bb4+ 5. c3 Nxf3+ 6. Qxf3 Bc5 7. Bc4 Qf6
8. Qg3 Ne7 9. O-O O-O 10. b4 Bd6 11. Qe3 b5 12. Bb3 Bb7 13. f4 Qg6 14. Nd2 Rae8
15. Rf2 Nd5 16. Bxd5 Bxd5 17. e5 c6 18. Nf3 f6 19. exd6 Rxe3 20. Bxe3 Re8 21.
Bxa7 Bxf3 22. Rxf3 Re2 23. Rf2 Rxf2 24. Bxf2 h5 25. Re1 Qc2 26. Bd4 Kh7 27. h3
Qxa2 28. Re7 Qb1+ 29. Kf2 Qf5 30. Ke3 Kg6 31. Bc5 h4 32. Re4 Qd5 33. Re7 Qxg2
34. f5+ Kxf5 35. Rxd7 Qxh3+ 36. Kd4 Qg4+ 37. Kd3 Qe4+ 38. Kd2 Qd5+ 39. Kc2 h3
0-1

[Event "XXV C.to Torinese Open"]
[Site "Torino ITA"]
[Date "2009.03.02"]
[Round "6"]
[White "Barletta, Mauro"]
[Black "Sorcinelli, Francesco"]
[Result "0-1"]
[WhiteElo "2234"]
[BlackElo "2116"]
[PlyCount "66"]
[EventDate "2009.01.19"]

1. e4 c5 2. Nf3 g6 3. c3 Bg7 4. d4 cxd4 5. cxd4 d5 6. e5 Bg4 7. Be2 e6 8. Bg5
Ne7 9. Nc3 Bxf3 10. Bxf3 Nbc6 11. Qd2 O-O 12. O-O f6 13. exf6 Bxf6 14. Bg4 Nf5
15. Bxf5 gxf5 16. Bxf6 Qxf6 17. Ne2 Kh8 18. Rac1 Rg8 19. f4 Rg7 20. b4 Rag8 21.
g3 h5 22. b5 Nd8 23. Qe3 h4 24. Qe5 Qe7 25. Rc8 Nf7 26. Rxg8+ Kxg8 27. Qb8+ Kh7
28. Qxa7 Qb4 29. Qc5 Qd2 30. Rf2 Qe1+ 31. Kg2 h3+ 32. Kf3 Qh1+ 33. Ke3 Nh6 0-1

[Event "XXV C.to Torinese Open"]
[Site "Torino ITA"]
[Date "2009.03.02"]
[Round "6"]
[White "Bertagia, Roldano"]
[Black "Parodi, Alessandro"]
[Result "0-1"]
[WhiteElo "2004"]
[BlackElo "2076"]
[PlyCount "78"]
[EventDate "2009.01.19"]

1. e4 d6 2. d4 Nf6 3. Nc3 g6 4. Bg5 Bg7 5. Qd2 O-O 6. Bh6 Bxh6 7. Qxh6 c5 8.
Nf3 cxd4 9. Nxd4 Qb6 10. O-O-O Nc6 11. Qd2 a6 12. f3 Nxd4 13. Qxd4 Qxd4 14.
Rxd4 b5 15. Be2 Rb8 16. a3 Bd7 17. g4 Bc6 18. h4 h5 19. g5 Nd7 20. Rg1 Nc5 21.
Nd5 Bxd5 22. Rxd5 Ne6 23. Rd2 Rfc8 24. Bd3 a5 25. Rf1 Nf4 26. Re1 b4 27. axb4
Rxb4 28. Kb1 Rcb8 29. b3 a4 30. Kb2 axb3 31. c3 Ra4 32. Ra1 Rxa1 33. Kxa1 Ra8+
34. Kb1 Ra2 35. Kc1 Rxd2 36. Kxd2 Nxd3 37. Kxd3 f6 38. f4 fxg5 39. fxg5 Kf7 0-1

[Event "XXV C.to Torinese Open"]
[Site "Torino ITA"]
[Date "2009.03.02"]
[Round "6"]
[White "Faraoni, Enrico"]
[Black "Gallucci, Alessio"]
[Result "0-1"]
[WhiteElo "2085"]
[BlackElo "2205"]
[PlyCount "54"]
[EventDate "2009.01.19"]

1. g4 h5 2. gxh5 d5 3. c4 Nf6 4. cxd5 Qxd5 5. Nf3 Qxh5 6. d4 Bh3 7. Qb3 Nbd7 8.
Nc3 Bxf1 9. Rxf1 e5 10. dxe5 Nc5 11. Qc2 Ng4 12. Bf4 O-O-O 13. Rc1 Ne6 14. Qa4
Bc5 15. Bg3 Bb6 16. Qc4 Qh6 17. Rc2 Qg6 18. Qe4 Qh5 19. Na4 Bd4 20. Rd2 Bb6 21.
Nxb6+ axb6 22. b4 Nh6 23. Kd1 Nf5 24. Rxd8+ Rxd8+ 25. Kc1 Nfd4 26. Rd1 Qh6+ 27.
e3 Ne2+ 0-1

[Event "XXV C.to Torinese Open"]
[Site "Torino ITA"]
[Date "2009.01.??"]
[Round "7"]
[White "Parodi, Alessandro"]
[Black "Barletta, Mauro"]
[Result "1-0"]
[WhiteElo "2076"]
[BlackElo "2234"]
[PlyCount "85"]
[EventDate "2009.01.19"]

1. d4 d5 2. c4 e5 3. cxd5 Qxd5 4. Nc3 Qxd4 5. Qxd4 exd4 6. Nb5 Na6 7. Nxd4 Bb4+
8. Bd2 Bxd2+ 9. Kxd2 Bg4 10. e4 O-O-O 11. Ke3 Nb4 12. f3 Rxd4 13. Kxd4 Nc2+ 14.
Kc3 Nxa1 15. fxg4 Nf6 16. Bd3 Nxg4 17. Nf3 Nb3 18. axb3 Re8 19. Re1 Ne5 20.
Nxe5 Rxe5 21. b4 a6 22. Rf1 f6 23. Rf5 Re7 24. g4 h6 25. h4 Kd8 26. g5 fxg5 27.
hxg5 Re6 28. gxh6 gxh6 29. e5 Rc6+ 30. Kd4 Rb6 31. b5 axb5 32. Rf6 Rxf6 33.
exf6 Kd7 34. f7 Ke7 35. Bg6 b6 36. Kd5 c5 37. Kc6 b4 38. Kb5 Kf8 39. b3 Kg7 40.
Kxb6 c4 41. bxc4 b3 42. c5 b2 43. Bb1 1-0

[Event "XXV C.to Torinese Open"]
[Site "Torino ITA"]
[Date "2009.01.??"]
[Round "7"]
[White "Sorcinelli, Francesco"]
[Black "Nardelli, Marco"]
[Result "0-1"]
[WhiteElo "2116"]
[BlackElo "2147"]
[PlyCount "72"]
[EventDate "2009.01.19"]

1. e4 c5 2. Nf3 Nc6 3. d4 cxd4 4. Nxd4 Qc7 5. Nc3 e6 6. Be3 a6 7. Bd3 Nf6 8.
O-O h5 9. h3 b5 10. Nxc6 Qxc6 11. Be2 b4 12. e5 bxc3 13. exf6 gxf6 14. bxc3 Rb8
15. Bf3 Qxc3 16. Bd4 Qc4 17. Bxf6 Rg8 18. Re1 Rb5 19. Re4 Qc7 20. Bxh5 Rf5 21.
Bh4 Bb7 22. Rg4 Rh8 23. Rg5 Qc6 24. Bf3 Rxf3 25. Qxf3 Qxf3 26. gxf3 Rxh4 27.
Rb1 Bxf3 28. Rg3 Bc6 29. Rg8 Ke7 30. Rb3 Rc4 31. Rg4 Bh6 32. c3 Rxg4+ 33. hxg4
Bd5 34. Ra3 Bc4 35. Ra5 d5 36. Rc5 Kd7 0-1

[Event "XXV C.to Torinese Open"]
[Site "Torino ITA"]
[Date "2009.03.09"]
[Round "7"]
[White "Vozza, Nicola"]
[Black "Faraoni, Enrico"]
[Result "1/2-1/2"]
[WhiteElo "1935"]
[BlackElo "2085"]
[PlyCount "68"]
[EventDate "2009.01.19"]

1. d4 h6 2. e4 g5 3. Nc3 Bg7 4. Bc4 c5 5. Nge2 cxd4 6. Nxd4 Nc6 7. Nf5 Bxc3+ 8.
bxc3 Qa5 9. Bb2 Nf6 10. O-O d5 11. Bxd5 Bxf5 12. Bxc6+ bxc6 13. exf5 Rb8 14.
Bc1 O-O 15. h4 Qxf5 16. hxg5 hxg5 17. Qd3 Rb5 18. c4 Re5 19. f4 Re4 20. Ba3
gxf4 21. Rae1 Re8 22. Rxe4 Qxe4 23. Qxe4 Nxe4 24. Rxf4 Nd6 25. Rd4 Nf5 26. Rd7
e5 27. Rxa7 e4 28. Kf1 e3 29. Bc5 Re4 30. Ra3 Rf4+ 31. Ke1 Rxc4 32. Bxe3 Nxe3
33. Rxe3 Rxc2 34. Re2 Rc4 1/2-1/2

[Event "XXV C.to Torinese Open"]
[Site "Torino ITA"]
[Date "2009.03.16"]
[Round "8"]
[White "Faraoni, Enrico"]
[Black "Cacinschi, Alexandru"]
[Result "0-1"]
[WhiteElo "2085"]
[BlackElo "1928"]
[PlyCount "56"]
[EventDate "2009.01.19"]

1. g4 e5 2. Bg2 Nc6 3. c4 d6 4. h3 Be6 5. d3 Be7 6. Nc3 f5 7. gxf5 Bxf5 8. e4
Bg6 9. Nge2 Nf6 10. Be3 a5 11. Qd2 Nb4 12. d4 O-O 13. O-O c6 14. f4 Qc7 15.
Rad1 Rad8 16. a3 Na6 17. Kh1 Kh8 18. Qc2 Nh5 19. dxe5 dxe5 20. f5 Bf7 21. Na4
Rxd1 22. Rxd1 Bd8 23. Qc3 Qe7 24. Nb6 Bc7 25. Bf3 Qh4 26. Kh2 Nf4 27. Nxf4 exf4
28. Rg1 fxe3+ 0-1

[Event "XXV C.to Torinese Open"]
[Site "Torino ITA"]
[Date "2009.01.??"]
[Round "8"]
[White "Nardelli, Marco"]
[Black "Gallucci, Alessio"]
[Result "1-0"]
[WhiteElo "2147"]
[BlackElo "2205"]
[PlyCount "119"]
[EventDate "2009.01.19"]

1. e4 c5 2. Nf3 d6 3. d4 cxd4 4. Nxd4 Nf6 5. Nc3 g6 6. Be3 Bg7 7. f3 Nc6 8. Qd2
O-O 9. Bc4 Bd7 10. O-O-O Rc8 11. Bb3 Ne5 12. Kb1 Nc4 13. Bxc4 Rxc4 14. g4 b5
15. b3 b4 16. bxc4 bxc3 17. Qxc3 Qc7 18. g5 Rb8+ 19. Ka1 Ne8 20. Rb1 Rc8 21.
Rb4 d5 22. exd5 Nd6 23. c5 a5 24. Rb2 Nf5 25. c6 Bxc6 26. Qxc6 Qd8 27. Qb6 Nxe3
28. Qxd8+ Rxd8 29. Nc6 Rd7 30. Kb1 Bxb2 31. Kxb2 a4 32. Re1 Nxd5 33. c4 Nb6 34.
Kc3 Rc7 35. Na5 Nd5+ 36. Kd4 Nf4 37. Re5 f6 38. gxf6 exf6 39. Rb5 Rd7+ 40. Kc5
Rd2 41. a3 Rxh2 42. Kb6 Rc2 43. c5 Nd5+ 44. Kb7 Ne7 45. c6 Nxc6 46. Nxc6 Rc3
47. Nd4 Rxa3 48. Kc6 Kg7 49. Kd5 Ra1 50. Rb2 h5 51. Rb7+ Kh6 52. Ke6 Rd1 53.
Rd7 a3 54. Nf5+ gxf5 55. Rxd1 Kg5 56. Ra1 Kf4 57. Rxa3 h4 58. Ra4+ Kg3 59. Kxf5
h3 60. f4 1-0

[Event "XXV C.to Torinese Open"]
[Site "Torino ITA"]
[Date "2009.01.??"]
[Round "8"]
[White "Sorcinelli, Francesco"]
[Black "Parodi, Alessandro"]
[Result "1-0"]
[WhiteElo "2116"]
[BlackElo "2076"]
[PlyCount "113"]
[EventDate "2009.01.19"]

1. e4 d6 2. d4 Nf6 3. Nc3 g6 4. Be3 Bg7 5. Qd2 O-O 6. O-O-O c6 7. Bh6 b5 8. f3
Qa5 9. Kb1 Bxh6 10. Qxh6 e5 11. Nce2 Be6 12. Nc1 Nbd7 13. h4 Rab8 14. h5 Rb6
15. hxg6 fxg6 16. d5 cxd5 17. exd5 Bf7 18. Nh3 Rc8 19. Ng5 Nf8 20. Bd3 Ra6 21.
Bf5 gxf5 22. Qxf6 Qc7 23. c3 Bg6 24. f4 b4 25. cxb4 Qc2+ 26. Ka1 Qa4 27. a3
Qxb4 28. Na2 Qb7 29. fxe5 dxe5 30. Qxe5 Rc2 31. Rc1 Nd7 32. Qd4 Rxg2 33. Ne6
Nf8 34. Rc8 Rxe6 35. Rxf8+ Kxf8 36. Qh8+ Ke7 37. Qg7+ Bf7 38. Qxg2 Rd6 39. Nc3
h6 40. Rxh6 Qb6 41. Qg5+ Rf6 42. Ne4 fxe4 43. Qe5+ Re6 44. dxe6 Bxe6 45. Qxe4
Qg1+ 46. Qb1 Qf2 47. Qh7+ Kd6 48. Qd3+ Ke7 49. Rh7+ Kf6 50. Rh1 Qc5 51. Qc3+
Qxc3 52. bxc3 Ke5 53. Rh4 a6 54. Kb2 Kd5 55. c4+ Kc5 56. Kc3 a5 57. Rh5+ 1-0

[Event "C.to Provinciale CO"]
[Site "Como ITA"]
[Date "2009.01.24"]
[Round "1"]
[White "Bellotto, Stefano"]
[Black "Campanini, Ambrogio"]
[Result "1-0"]
[WhiteElo "1992"]
[BlackElo "1556"]
[PlyCount "63"]
[EventDate "2009.01.24"]

1. d4 Nf6 2. c4 e5 3. dxe5 Ng4 4. Nf3 Nc6 5. Bg5 Be7 6. Bf4 Bb4+ 7. Nc3 Qe7 8.
Qd5 f6 9. exf6 Nxf6 10. Qd3 d6 11. Bd2 O-O 12. g3 Ne5 13. Nxe5 Qxe5 14. Bg2 Bf5
15. e4 Bg6 16. O-O c6 17. Rae1 Bc5 18. Na4 Ng4 19. Nxc5 Qxc5 20. Bf4 Ne5 21.
Bxe5 Qxe5 22. b4 Qb2 23. Qb3 Qxb3 24. axb3 Rae8 25. f4 h6 26. f5 Bh7 27. Ra1 a6
28. Rad1 Rd8 29. Rd4 Rd7 30. Rfd1 Rf6 31. g4 Kf7 32. e5 1-0

[Event "C.to Provinciale CO"]
[Site "Como ITA"]
[Date "2009.01.24"]
[Round "1"]
[White "Cacia, Vincenzo"]
[Black "Corti, Filippo"]
[Result "0-1"]
[WhiteElo "1434"]
[BlackElo "1735"]
[PlyCount "80"]
[EventDate "2009.01.24"]

1. e4 c6 2. Nc3 d5 3. d4 dxe4 4. Nxe4 Bf5 5. Qf3 e6 6. c3 Nd7 7. Bd3 Bxe4 8.
Bxe4 Ndf6 9. Ne2 Qc7 10. Bf4 Bd6 11. Bxd6 Qxd6 12. O-O Nxe4 13. Qxe4 Nf6 14.
Qf3 h5 15. h3 O-O-O 16. b4 Qd5 17. Qxd5 cxd5 18. a4 Kb8 19. a5 Rc8 20. Ra3 Ne4
21. Rd1 Rc7 22. f3 Nd6 23. Nf4 Nb5 24. Rb3 Rxc3 25. Rxc3 Nxc3 26. Rd2 Nb5 27.
Ne2 Rc8 28. h4 Rc4 29. g4 hxg4 30. fxg4 Rxb4 31. Kg2 Kc7 32. Kf3 Nd6 33. Kf4
Kd7 34. g5 g6 35. Ng3 Ra4 36. h5 gxh5 37. Nxh5 Ne4 38. Rb2 Kc6 39. Rc2+ Kd7 40.
Rb2 Kc8 0-1

[Event "C.to Provinciale CO"]
[Site "Como ITA"]
[Date "2009.01.24"]
[Round "1"]
[White "Crippa, Gabriele"]
[Black "Boffi, Luigi"]
[Result "1-0"]
[WhiteElo "2091"]
[BlackElo "1624"]
[PlyCount "23"]
[EventDate "2009.01.24"]

1. d4 Nf6 2. Nf3 e6 3. Bg5 d5 4. e3 Be7 5. c3 Nbd7 6. Bd3 O-O 7. Nbd2 c5 8. O-O
b6 9. Ne5 Bb7 10. Qa4 Nxe5 11. dxe5 Nd7 12. Qh4 1-0

[Event "C.to Provinciale CO"]
[Site "Como ITA"]
[Date "2009.01.24"]
[Round "1"]
[White "Dal Lago, Emilio"]
[Black "Bernasconi, Roberto"]
[Result "0-1"]
[WhiteElo "1475"]
[BlackElo "1929"]
[PlyCount "66"]
[EventDate "2009.01.24"]

1. e4 e5 2. Nf3 Nf6 3. Nc3 Nc6 4. Bb5 Bb4 5. O-O O-O 6. a3 Bxc3 7. dxc3 d6 8.
Re1 h6 9. Nh4 Bg4 10. f3 Be6 11. Qd2 Nd7 12. Qf2 Qf6 13. Bd3 Ne7 14. Qg3 Kh8
15. f4 exf4 16. Bxf4 g5 17. e5 Qxf4 18. Qxf4 gxf4 19. Nf3 d5 20. b3 Rg8 21. Kf2
c5 22. Rab1 Rab8 23. Be2 Nf5 24. Bf1 Ne3 25. Rbc1 Bf5 26. Re2 Rbe8 27. g3 Ng4+
28. Ke1 fxg3 29. h3 Ngxe5 30. Nh4 Be4 31. Rd1 Nf3+ 32. Nxf3 Bxf3 33. Rxe8 Rxe8+
0-1

[Event "C.to Provinciale CO"]
[Site "Como ITA"]
[Date "2009.01.24"]
[Round "1"]
[White "Gagliardi, Christian"]
[Black "Betori, Alessandro"]
[Result "1/2-1/2"]
[WhiteElo "2209"]
[BlackElo "1662"]
[PlyCount "130"]
[EventDate "2009.01.24"]

1. e4 d5 2. exd5 Nf6 3. c4 e6 4. dxe6 Bxe6 5. Nf3 Qe7 6. Qe2 Nc6 7. d4 O-O-O 8.
d5 Qb4+ 9. Nc3 Bf5 10. a3 Qb3 11. Be3 Ne4 12. Nxe4 Bxe4 13. Ng5 Nb4 14. axb4
Bxb4+ 15. Bd2 Bf5 16. Qd1 Rde8+ 17. Be2 Bc2 18. Qc1 Rxe2+ 19. Kxe2 Qd3+ 20. Ke1
Re8+ 21. Ne6 fxe6 22. d6 Bxd6 23. Bc3 Bc5 24. Qd2 Qe4+ 25. Qe2 Qxg2 26. Kd2 Bf5
27. Rag1 Qh3 28. Kc1 Qh6+ 29. Bd2 Qf6 30. Bc3 Qh6+ 31. Bd2 Qf6 32. Bc3 Qh6+ 33.
Qd2 Qxd2+ 34. Kxd2 Be4 35. Ke2 Rf8 36. Rg5 Rxf2+ 37. Ke1 Bxh1 38. Rxc5 Rf7 39.
Rg5 g6 40. Ke2 Be4 41. Ke3 Bf5 42. Rg1 Rd7 43. Ra1 a6 44. Bd4 Kd8 45. Ra3 Ke7
46. Bc5+ Kf6 47. Bd4+ e5 48. Bc3 Ke6 49. Ra5 e4 50. Re5+ Kf7 51. Bb4 b6 52. c5
bxc5 53. Rxc5 Rd3+ 54. Kf4 Ke6 55. Rxc7 h6 56. Rc6+ Kd5 57. Rc3 Rxc3 58. Bxc3
Kc4 59. Ke3 Kb3 60. Kd2 a5 61. Bxa5 Kxb2 62. Bc3+ Kb3 63. Bg7 h5 64. Bf6 Kc4
65. Ke3 Kd5 1/2-1/2

[Event "C.to Provinciale CO"]
[Site "Como ITA"]
[Date "2009.01.24"]
[Round "1"]
[White "Ghelfi, Giancarlo"]
[Black "Zingale, Giuseppe"]
[Result "1-0"]
[WhiteElo "1717"]
[BlackElo "1398"]
[PlyCount "85"]
[EventDate "2009.01.24"]

1. e4 e5 2. Nf3 Nc6 3. Bb5 Nge7 4. O-O a6 5. Bc4 d5 6. exd5 Nxd5 7. Re1 Bg4 8.
c3 Be7 9. d4 exd4 10. cxd4 O-O 11. Nc3 Nxc3 12. bxc3 Bd6 13. h3 Bh5 14. Qd3 Qf6
15. Bg5 Qg6 16. g4 Qxd3 17. Bxd3 Bg6 18. Bc4 Na5 19. Bf1 f5 20. Nh4 fxg4 21.
Nxg6 hxg6 22. hxg4 Bf4 23. Be7 Rae8 24. Bxf8 Rxf8 25. Re4 Bd6 26. Rae1 Kh7 27.
Bg2 Kh6 28. R1e3 g5 29. Rh3+ Kg6 30. Re6+ Kf7 31. Bd5 Be7 32. Rxa6+ Ke8 33.
Rxa5 Kd7 34. Bxb7 c5 35. dxc5 Bf6 36. c6+ Kc7 37. Rd3 Rf7 38. Ra7 Rf8 39. a4
Re8 40. a5 Re1+ 41. Kg2 Rc1 42. Rd7+ Kb8 43. Ra8# 1-0

[Event "C.to Provinciale CO"]
[Site "Como ITA"]
[Date "2009.01.24"]
[Round "1"]
[White "Lipari, Alberto"]
[Black "Pede, Lucio"]
[Result "1-0"]
[WhiteElo "1524"]
[BlackElo "1965"]
[PlyCount "56"]
[EventDate "2009.01.24"]

1. d4 d5 2. c4 c6 3. e3 Bf5 4. Nf3 h6 5. Nc3 Nf6 6. Be2 dxc4 7. Bxc4 e6 8. a3
Bd6 9. O-O Nbd7 10. Re1 Bg4 11. e4 e5 12. Qb3 O-O 13. dxe5 Bxe5 14. Nh4 Bh5 15.
Qxb7 Bxh2+ 16. Kxh2 Ng4+ 17. Kg3 Nde5 18. f3 Nxc4 19. fxg4 Qd3+ 20. Nf3 Qd6+
21. Bf4 Qg6 22. Nh2 f5 23. exf5 Rxf5 24. Qxa8+ Kh7 25. Re4 Rxf4 26. Rxf4 Qd3+
27. Nf3 Bg6 28. Rd1 Qc2 1-0